[Event "MTN-ch"]
[Site "Nouakchott"]
[Date "2015.01.01"]
[Round "7"]
[White "Sabar, Ethmane Daouda"]
[Black "Chighali, Cheikh Tijani"]
[Result "1-0"]
[WhiteElo "1967"]
[BlackElo "1786"]
[PlyCount "107"]
[EventDate "2014.12.27"]
[EventType "swiss"]
[EventRounds "11"]
[EventCountry "MAU"]
[SourceTitle "CBM 164 Extra"]
[Source "ChessBase"]
[SourceDate "2015.03.02"]
[SourceVersion "1"]
[SourceVersionDate "2015.03.02"]
[SourceQuality "1"]

1. e4 Nc6 2. d4 e6 3. d5 Ne5 4. f4 Ng6 5. Nf3 Bc5 6. Nc3 d6 7. Qd3 a6 8. Be3 Bxe3 9. Qxe3 e5 10. fxe5 Nh6 11. exd6 cxd6 12. h3 Bd7 13. Bd3 0-0 14. 0-0-0 b5 15. Qd4 b4 16. Ne2 f6 17. Qxb4 Nf7 18. Ned4 Rb8 19. Qa3 Qb6 20. Nb3 Rfc8 21. Kb1 Bb5 22. Qa5 Qf2 23. Qd2 Qb6 24. Bxb5 Qxb5 25. Nfd4 Qd7 26. Nc6 Ra8 27. Nba5 Nfe5 28. b4 Ne7 29. Rhe1 Rc7 30. Re3 Rac8 31. Rc3 Ra8 32. g4 h6 33. Qd4 Nc8 34. Nxe5 fxe5 35. Rxc7 Qxc7 36. Qc4 Qa7 37. Rf1 Rb8 38. a3 Qb6 39. Ka2 Na7 40. Nc6 Re8 41. Nxa7 Qxa7 42. Qc6 Rd8 43. Qc3 Qd7 44. Qc6 Qxc6 45. dxc6 Rc8 46. c4 Rxc6 47. Kb3 Rc8 48. b5 a5 49. Rd1 Rf8 50. Rxd6 Rf3+ 51. Ka4 Re3 52. b6 Rxe4 53. b7 Rxc4+ 54. Kb5 1-0

[Event "MTN-ch"]
[Site "Nouakchott"]
[Date "2014.12.27"]
[Round "1"]
[White "Boydia, Sidi"]
[Black "Chighali, Cheikh Tijani"]
[Result "1-0"]
[WhiteElo "2084"]
[BlackElo "1786"]
[PlyCount "67"]
[EventDate "2014.12.27"]
[EventType "swiss"]
[EventRounds "11"]
[EventCountry "MAU"]
[SourceTitle "CBM 164 Extra"]
[Source "ChessBase"]
[SourceDate "2015.03.02"]
[SourceVersion "1"]
[SourceVersionDate "2015.03.02"]
[SourceQuality "1"]

1. e4 e5 2. Nc3 Nc6 3. g3 Nf6 4. Bg2 Bc5 5. Nge2 d6 6. 0-0 a6 7. d3 Bg4 8. h3 Bh5 9. Bg5 Nd4 10. g4 Bg6 11. Nd5 h5 12. Nxd4 Bxd4 13. Qf3 hxg4 14. hxg4 Kd7 15. Nxf6+ gxf6 16. Bxf6 Qg8 17. c3 Bb6 18. Bxh8 Qxh8 19. g5 Qh4 20. Qh3+ Qxh3 21. Bxh3+ Ke7 22. Kg2 f6 23. gxf6+ Kxf6 24. f4 Ke7 25. Kf3 Rg8 26. Bg4 exf4 27. Kxf4 c6 28. Rae1 Bc7 29. d4 d5+ 30. e5 Ke8 31. Be6 Rh8 32. Rg1 Rf8+ 33. Ke3 Bh7 34. Rg7 1-0

[Event "Nouadhibou Independence op"]
[Site "Nouadhibou"]
[Date "2014.11.29"]
[Round "7"]
[White "Boydia, Sidi"]
[Black "Chighali, Cheikh Tijani"]
[Result "1-0"]
[WhiteElo "2084"]
[BlackElo "1786"]
[PlyCount "49"]
[EventDate "2014.11.27"]
[EventType "swiss"]
[EventRounds "9"]
[EventCountry "MAU"]
[SourceTitle "CBM 163 Extra"]
[Source "ChessBase"]
[SourceDate "2014.12.23"]
[SourceVersion "1"]
[SourceVersionDate "2014.12.23"]
[SourceQuality "1"]

1. e4 e5 2. Nc3 Bc5 3. Bc4 c6 4. Nf3 d6 5. d4 exd4 6. Nxd4 Qf6 7. Be3 b5 8. Ncxb5 cxb5 9. Bd5 Ne7 10. Bxa8 0-0 11. Qd2 Ba6 12. 0-0-0 b4 13. Nb3 Bxe3 14. Qxe3 Nbc6 15. Bxc6 Nxc6 16. f4 Re8 17. g3 Bb7 18. Rhe1 Qd8 19. e5 d5 20. Qc5 Qa8 21. Rxd5 Na5 22. Rd7 Nxb3+ 23. axb3 Rc8 24. Red1 h6 25. Qe7 1-0